| 000 | 01465nam1a22003851i 4500 | ||
|---|---|---|---|
| 001 | RU\INGAK2\INFOCOMM_322\NLR\5000176690 | ||
| 005 | 20240727000047.0 | ||
| 010 | _9330 экз. | ||
| 035 | _a(NLR Aleph) 011042666 | ||
| 090 |
_a11160612 _c11160612 |
||
| 100 | _a20130214g19641965|||y0rusy50 ba | ||
| 101 | 1 |
_afre _crus |
|
| 102 | _aRU | ||
| 105 | _ay z|||| | ||
| 200 | 1 |
_aMachines agricoles _fD. Mankov, N. Orekhov, S. Polonetzky _g[Trad. du russe en franç. par O. Baikov] |
|
| 210 |
_aM. _c"École supérieure" _d[1964]-[1965] |
||
| 215 |
_a2 т. _d21 см |
||
| 300 | _aНа с. 2: Д. Ф. Маньков, Н. И. Орехов, С. Д. Полонецкий. Сельскохозяйственные машины | ||
| 300 | _a"Droit de manuscrit" | ||
| 309 | _aОтпеч. множит. аппаратом | ||
| 517 | 1 |
_aСельскохозяйственные машины _zrus |
|
| 606 | 0 |
_aСельскохозяйственные машины _2nlr_sh1 |
|
| 620 | _aМосква | ||
| 686 |
_aС4-230 _2rubbk |
||
| 686 |
_aТмп-400 _2rubbk |
||
| 700 | 1 |
_9z01790 _aMan'kov _bD. F. _gDmitrij Fedorovič |
|
| 701 | 1 |
_9z02790 _aOrechov _bN. I. _gNikolaj Ivanovič |
|
| 701 | 1 |
_9z03790 _aPoloneckij _bS. D. _gSolomon Davydovič |
|
| 790 | 1 |
_9z01700 _aMankov _bD. _4070 |
|
| 790 | 1 |
_9z02701 _aOrekhov _bN. _4070 |
|
| 790 | 1 |
_9z03701 _aPolonetzky _bS. _4070 |
|
| 801 | 1 |
_aRU _bInfoComm _c20130214 |
|
| 801 | 0 |
_aRU _bNLR _gPSBO |
|
| 852 |
_aNLR _jС21 Г-3/47 |
||
| 942 | _cBOOK | ||